000 02359nam a22003017a 4500
999 _c62668
_d62668
003 Ge_BSU
005 20250121111256.0
008 250121s2023 ge ||||| |||| 00| 0 geo d
020 _a 9789941859199
041 _ageo
080 _a27-246 ბ-91
100 _aბრეგვაძე, ბაჩანა
_93536
245 _a ახალი აღთქმა :
_bტომი II. ოთხთავი; მოციქულთა საქმენი; კათოლიკე ეპისტოლენი;გამოცხადება იოანე ღმერთისმეტყველისა(აპოკალიპსისი). /
_cბაჩანა ბრეგვაძე; პროექტის ავტორი და მთავარი რეადქტორი ანდრო ბედუკაძე, რედ. :ამირხანაშვილი ივანე, თითმერია ლევან, უსანეთაშვილი ვაჟა, ჩხეიძე როსტომ, შერაზადიშვილი უჩა; ტომის რედ. ანდრო ბედუკაძე.
264 _aთბილისი:
_bილიას ფონდი,
_c2023.
300 _a552 გვ.
_b21 სმ.
490 _aპრემია "საგურამოს" ბიბლიოთეკა
653 _aახალი აღთქმა
653 _aთარგმანები
653 _aკათოლიკე ეპისტოლენი
700 _aბედუკაძე ანდრო
_eპროექტის ავტორი და მთავარი რეადქტორი
_924061
700 _aამირხანაშვილი ივანე
_eრედაქტორი
_924063
700 _aთითმერია, ლევან
_eრედაქტორი
_923741
700 _aუსანეთაშვილი, ვაჟა
_eრედაქტორი
_924064
700 _aჩხეიძე, როსტომ
_eრედაქტორი
_91213
700 _aშერაზადიშვილი, უჩა
_eრედაქტორი
_924065
700 _aბედუკაძე, ანდრო
_eტომის რედაქტორი
_924061
942 _2udc
_cᲬᲘᲒᲜᲘ